000
00320 a2200109 4500
001
ART_46802
005
20260410162000.0
008
260409a
245
1
0
_a
Alarmismo ambiental, antes y ahora
100
1
_a
Lomborg, Bjorn
773
0
_t
Archivos del presente
_g
- Año 16, Nº 59 (jun. 2012)
_w
REV28180
999
_c
31187
_d
31187